000 00453 a2200109 4500
001 ART_10784
005 20260410161854.0
008 260409a
245 1 0 _aEl Anteproyecto de unificación de la legislación Civil y Comercial y algunas cuestiones vinculadas al derecho mercantil
100 1 _aCosentino, Javier J.
773 0 _tDerecho privado
_gReforma del Código Civil I. Aspectos generales - Año I, Nº 2 (sep. 2012)
_wREV10455
999 _c25304
_d25304